Minotauro en zapatillas / (Registro nro. 30821)
[ vista simple ]
| 000 -LEADER | |
|---|---|
| fixed length control field | 00824nam a22002898a 4500 |
| 001 - CONTROL NUMBER | |
| control field | 991006521839707486 |
| 003 - CONTROL NUMBER IDENTIFIER | |
| control field | OSt |
| 005 - DATE AND TIME OF LATEST TRANSACTION | |
| control field | 20250710104842.0 |
| 008 - FIXED-LENGTH DATA ELEMENTS--GENERAL INFORMATION | |
| fixed length control field | 200226s2020 ck a cr 0001fdspa d |
| 020 ## - INTERNATIONAL STANDARD BOOK NUMBER | |
| International Standard Book Number | 9789580015574 |
| 040 ## - CATALOGING SOURCE | |
| Language of cataloging | spa |
| Transcribing agency | CO-JMCR |
| 041 0# - LANGUAGE CODE | |
| Language code of text/sound track or separate title | spa |
| 082 04 - DEWEY DECIMAL CLASSIFICATION NUMBER | |
| Classification number | J-N |
| Item number | DELm |
| 100 1# - MAIN ENTRY--PERSONAL NAME | |
| Personal name | Dellutri, Ezequiel, |
| 9 (RLIN) | 43827 |
| 245 10 - TITLE STATEMENT | |
| Title | Minotauro en zapatillas / |
| Statement of responsibility, etc. | Ezequiel Dellutri. |
| 250 ## - EDITION STATEMENT | |
| Edition statement | Segunda edición. |
| 264 #4 - PRODUCTION, PUBLICATION, DISTRIBUTION, MANUFACTURE, AND COPYRIGHT NOTICE | |
| Place of production, publication, distribution, manufacture | Bogotá : |
| Name of producer, publisher, distributor, manufacturer | Educactiva, |
| Date of production, publication, distribution, manufacture, or copyright notice | 2020. |
| 300 ## - PHYSICAL DESCRIPTION | |
| Extent | 136 páginas : |
| Other physical details | ilustraciones ; |
| Dimensions | 20 cm. |
| 490 1# - SERIES STATEMENT | |
| Series statement | Torre amarilla |
| 521 ## - TARGET AUDIENCE NOTE | |
| Target audience note | A partir de los 11 años. |
| 650 #7 - SUBJECT ADDED ENTRY--TOPICAL TERM | |
| Topical term or geographic name entry element | Novela juvenil argentina. |
| 9 (RLIN) | 694 |
| 650 #7 - SUBJECT ADDED ENTRY--TOPICAL TERM | |
| Topical term or geographic name entry element | Mitología |
| Form subdivision | Novela. |
| 9 (RLIN) | 43828 |
| 650 #7 - SUBJECT ADDED ENTRY--TOPICAL TERM | |
| Topical term or geographic name entry element | Amistad |
| Form subdivision | Novela. |
| 9 (RLIN) | 42761 |
| 650 #7 - SUBJECT ADDED ENTRY--TOPICAL TERM | |
| Topical term or geographic name entry element | Identidad |
| Form subdivision | Novela. |
| 9 (RLIN) | 43829 |
| 942 ## - ADDED ENTRY ELEMENTS (KOHA) | |
| Source of classification or shelving scheme | Dewey Decimal Classification |
| Koha item type | Books |
| 949 ## - LOCAL PROCESSING INFORMATION (OCLC) | |
| a | |
| Withdrawn status | Lost status | Source of classification or shelving scheme | Damaged status | Not for loan | Home library | Current library | Date acquired | Total Checkouts | Full call number | Barcode | Date last seen | Copy number | Price effective from | Koha item type |
|---|---|---|---|---|---|---|---|---|---|---|---|---|---|---|
| Dewey Decimal Classification | Biblioteca Pública José María del Castillo y Rada | Biblioteca Pública José María del Castillo y Rada | 08/27/2024 | J-N DELm | 201812118 | 08/27/2024 | Ej.1 | 08/27/2024 | Books |